| 000 -ლიდერი |
| ფიქსირებული სიგრძის საკონტროლო ველი |
01103nam a2200217Ia 4500 |
| 001 - საკონტროლო ნომერი |
| საკონტროლო ველი |
23508 |
| 003 - საკონტროლო ნომრის იდენტიფიკატორი |
| საკონტროლო ველი |
GE_BSU |
| 005 - ბოლო ოპერაციის თარიღი და დრო |
| საკონტროლო ველი |
20260217121155.0 |
| 008 - ფიქსირებული სიგრძის მონაცემთა ელემენტები - ზოგადი ინფორმაცია |
| ფიქსირებული სიგრძის საკონტროლო ველი |
181216s1956||||ge |||||||||||||| ||geo|| |
| 040 ## - კატალოგიზაციის წყარო |
| Transcribing agency |
GE_BSU |
| 080 ## - უნივერსალური ათობითი კლასიფიკაციის ინდექსი |
| Universal Decimal Classification number |
94(479.222.4):332"1841 ს-56 |
| 100 ## - მთავარი ჩანაწერი - პიროვნების სახელი |
| Personal name |
სიხარულიძე, ი. |
| 9 (RLIN) |
26903 |
| 245 ## - ცნობა სათაურის შესახებ |
| Title |
გლეხთა აჯანყება გურიაში 1841 წელს / |
| Statement of responsibility, etc |
ი. სიხარულიძე ; რედ. ალ. ბენდიანიშვილი ; საქ. სსრ მეცნ. აკად., ივ. ჯავახიშვილის სახ. ისტ. ინ-ტი. |
| 264 ## - წარმოების, გამოცემის, დისტრიბუციის და სხვა ცნობები |
| გამოცემის, წარმოების, დისტრიბუციის... ადგილი |
ბათუმი : |
| გამოცემის, წარმოების, დისტრიბუციის... სახელწოდება |
აჭარის ასსრ სახელგამი, |
| გამოცემის, წარმოების, დისტრიბუციის... თარიღი |
1956. |
| 300 ## - ფიზიკური აღწერა |
| Extent |
84 გვ. ; |
| Dimensions |
22 სმ. |
| 504 ## - BIBLIOGRAPHY, ETC. NOTE |
| Bibliography, etc |
ბიბლიოგრ. შენიშვნებში |
| 653 ## - INDEX TERM--UNCONTROLLED |
| Uncontrolled term |
გლეხთა აჯანყება გურიაში, 1841 წ. |
| 700 ## - ADDED ENTRY--PERSONAL NAME |
| Personal name |
ბენდიანიშვილი, ალ. |
| Relator term |
რედაქტორი |
| 9 (RLIN) |
26196 |
| 942 ## - ADDED ENTRY ELEMENTS (KOHA) |
| Koha item type |
წიგნი |
| Source of classification or shelving scheme |
|